Свойства TZP керамики с различным фактором формы, изготовленной УЗ-компактированием нанопорошков; Физикохимия ультрадисперсных (нано-) систем

Bibliographic Details
Parent link:Физикохимия ультрадисперсных (нано-) систем.— 2001.— С. 203-206
Other Authors: Хасанов О. Л. Олег Леонидович, Похолков Ю. П. Юрий Петрович, Двилис Э. С. Эдгар Сергеевич, Соколов В. М., Бикбаева З. Г. Зульфа Гадильзановна, Полисадова В. В. Валентина Валентиновна
Summary:В фонде НТБ ТПУ отсутствует
Language:Russian
Published: 2001
Subjects:
Format: Book Chapter
KOHA link:https://koha.lib.tpu.ru/cgi-bin/koha/opac-detail.pl?biblionumber=595583

MARC

LEADER 00000naa0a2200000 4500
001 595583
005 20250307125240.0
035 |a (RuTPU)RU\TPU\tpu\16907 
035 |a RU\TPU\tpu\16815 
090 |a 595583 
100 |a 20091208d2001 k y0rusy50 ca 
101 0 |a rus 
102 |a RU 
200 1 |a Свойства TZP керамики с различным фактором формы, изготовленной УЗ-компактированием нанопорошков  |f О. Л. Хасанов [и др.] 
333 |a В фонде НТБ ТПУ отсутствует 
463 |t Физикохимия ультрадисперсных (нано-) систем  |o материалы 5-й Всероссийской конференции (Екатеринбург, 9-13 октября 2000 г.)  |h Часть 1  |v С. 203-206  |d 2001 
610 1 |a труды учёных ТПУ 
701 1 |a Хасанов  |b О. Л.  |c физик, специалист в области наноматериалов  |c профессор Томского политехнического университета, доктор технических наук  |c директор Нано-Центра ТПУ, заведующий кафедрой наноматериалов и нанотехнологий  |f 1958-  |g Олег Леонидович  |3 (RuTPU)RU\TPU\pers\26436  |4 070  |9 12140 
701 1 |a Похолков  |b Ю. П.  |c специалист в области электротехники, доктор технических наук  |c ректор Томского политехнического университета (1990-2008), профессор  |f 1939-  |g Юрий Петрович  |3 (RuTPU)RU\TPU\pers\10508  |4 070  |9 2235 
701 1 |a Двилис  |b Э. С.  |c химик-технолог  |c старший научный сотрудник Томского политехнического университета, профессор, доктор физико-математических наук  |f 1969-  |g Эдгар Сергеевич  |3 (RuTPU)RU\TPU\pers\26838  |4 070  |9 12457 
701 1 |a Соколов  |b В. М. 
701 1 |a Бикбаева  |b З. Г.  |c химик-технолог  |c старший научный сотрудник Томского политехнического университета, кандидат физико-математических наук  |f 1938-  |g Зульфа Гадильзановна  |3 (RuTPU)RU\TPU\pers\28204  |4 070  |9 13158 
701 1 |a Полисадова  |b В. В.  |c химик-технолог  |c инженер-исследователь Томского политехнического университета, лаборант  |f 1947-  |g Валентина Валентиновна  |3 (RuTPU)RU\TPU\pers\28213  |4 070  |9 13167 
801 1 |a RU  |b 63413507  |c 20091116 
801 2 |a RU  |b 63413507  |c 20110926  |g RCR 
942 |c BK